<?xml version="1.0" encoding="UTF-8"?>
<record
    xmlns:xsi="http://www.w3.org/2001/XMLSchema-instance"
    xsi:schemaLocation="http://www.loc.gov/MARC21/slim http://www.loc.gov/standards/marcxml/schema/MARC21slim.xsd"
    xmlns="http://www.loc.gov/MARC21/slim">

  <leader>01103nam a22002777a 4500</leader>
  <controlfield tag="005">20170123162338.0</controlfield>
  <datafield tag="010" ind1=" " ind2=" ">
    <subfield code="a">A-688126</subfield>
  </datafield>
  <datafield tag="020" ind1=" " ind2=" ">
    <subfield code="c">55.00</subfield>
  </datafield>
  <datafield tag="035" ind1=" " ind2=" ">
    <subfield code="a">A-688126</subfield>
  </datafield>
  <datafield tag="037" ind1=" " ind2=" ">
    <subfield code="b">Cen Lib/Ret</subfield>
  </datafield>
  <datafield tag="040" ind1=" " ind2=" ">
    <subfield code="a">DPL</subfield>
    <subfield code="b">UR</subfield>
  </datafield>
  <datafield tag="082" ind1=" " ind2=" ">
    <subfield code="a">841.08</subfield>
    <subfield code="b">&#x63A; &#x644; &#x627; </subfield>
  </datafield>
  <datafield tag="245" ind1=" " ind2=" ">
    <subfield code="a">&#x63A;&#x644;&#x627;&#x645; &#x631;&#x628;&#x651;&#x627;&#x646;&#x6CC; &#x62A;&#x627;&#x628;&#x627;&#x6BA;  :</subfield>
    <subfield code="c">&#x645;&#x631;&#x62A;&#x628;&#x6CC;&#x646; &#x627;&#x62C;&#x645;&#x644; &#x627;&#x62C;&#x645;&#x627;&#x644;&#x6CC; &#x60C; &#x635;&#x63A;&#x631;&#x627; &#x645;&#x6C1;&#x646;&#x62F;&#x6CC; [&#x627;&#x648;&#x631;[ &#x639;&#x630;&#x631;&#x627; &#x631;&#x636;&#x648;&#x6CC; </subfield>
    <subfield code="b">&#x634;&#x62E;&#x635;&#x6CC;&#x62A; &#x627;&#x62F;&#x628;&#x6CC; &#x627;&#x648;&#x631; &#x62E;&#x62F;&#x645;&#x627;&#x62A; /</subfield>
  </datafield>
  <datafield tag="246" ind1=" " ind2=" ">
    <subfield code="a">Ghulam Rabbani Taban : shakhsiyat aur adabi khidmaat /</subfield>
    <subfield code="b">compiled by Ajmal Ajamali , Saghra Mahendi [and] Azra Rizvi </subfield>
  </datafield>
  <datafield tag="260" ind1=" " ind2=" ">
    <subfield code="c">1993</subfield>
    <subfield code="b">&#x645;&#x627;&#x6C1;&#x646;&#x627;&#x645;&#x6C1; &#x6A9;&#x62A;&#x627;&#x628; &#x646;&#x646;&#x645;&#x627; </subfield>
    <subfield code="a">&#x646;&#x6CC;&#x6CC; &#x62F;&#x6C1;&#x644;&#x6CC; </subfield>
  </datafield>
  <datafield tag="270" ind1=" " ind2=" ">
    <subfield code="b">&#x646;&#x6CC;&#x6CC; &#x62F;&#x6C1;&#x644;&#x6CC; </subfield>
    <subfield code="a">&#x62C;&#x627;&#x645;&#x6C1; &#x646;&#x6AF;&#x631; </subfield>
    <subfield code="e">110025</subfield>
  </datafield>
  <datafield tag="300" ind1=" " ind2=" ">
    <subfield code="a">160p.</subfield>
    <subfield code="c">21cm(Hb)</subfield>
  </datafield>
  <datafield tag="650" ind1=" " ind2=" ">
    <subfield code="a">&#x627;&#x62F;&#x628; -- &#x627;&#x631;&#x62F;&#x648; </subfield>
    <subfield code="9">139718</subfield>
  </datafield>
  <datafield tag="650" ind1=" " ind2=" ">
    <subfield code="a">&#x627;&#x631;&#x62F;&#x648; &#x633;&#x648;&#x627;&#x646;&#x6D2; &#x639;&#x645;&#x631;&#x6CC;        </subfield>
    <subfield code="9">139719</subfield>
  </datafield>
  <datafield tag="650" ind1=" " ind2=" ">
    <subfield code="a">Urdu literature </subfield>
    <subfield code="9">139720</subfield>
  </datafield>
  <datafield tag="650" ind1=" " ind2=" ">
    <subfield code="a">Urdu biography </subfield>
    <subfield code="9">511</subfield>
  </datafield>
  <datafield tag="700" ind1=" " ind2=" ">
    <subfield code="a"> &#x627;&#x62C;&#x645;&#x644; &#x627;&#x62C;&#x645;&#x627;&#x644;&#x6CC;</subfield>
    <subfield code="9">139721</subfield>
  </datafield>
  <datafield tag="700" ind1=" " ind2=" ">
    <subfield code="a"> &#x635;&#x63A;&#x631;&#x627; &#x645;&#x6C1;&#x646;&#x62F;&#x6CC;</subfield>
    <subfield code="9">139722</subfield>
  </datafield>
  <datafield tag="700" ind1=" " ind2=" ">
    <subfield code="a">&#x639;&#x630;&#x631;&#x627; &#x631;&#x636;&#x648;&#x6CC;</subfield>
    <subfield code="9">139723</subfield>
  </datafield>
  <datafield tag="942" ind1=" " ind2=" ">
    <subfield code="2">ddc</subfield>
    <subfield code="c">UR</subfield>
    <subfield code="h">841.08</subfield>
    <subfield code="m">&#x63A; &#x644; &#x627; </subfield>
  </datafield>
  <datafield tag="999" ind1=" " ind2=" ">
    <subfield code="c">108298</subfield>
    <subfield code="d">108298</subfield>
  </datafield>
  <datafield tag="952" ind1=" " ind2=" ">
    <subfield code="0">0</subfield>
    <subfield code="1">0</subfield>
    <subfield code="4">0</subfield>
    <subfield code="7">0</subfield>
    <subfield code="a">L</subfield>
    <subfield code="b">L</subfield>
    <subfield code="d">2016-01-18</subfield>
    <subfield code="e">Cen Lib/Ret</subfield>
    <subfield code="g">55.00</subfield>
    <subfield code="l">0</subfield>
    <subfield code="o">841.08 &#x63A; &#x644; &#x627;</subfield>
    <subfield code="p">A-688126</subfield>
    <subfield code="r">2016-01-18 00:00:00</subfield>
    <subfield code="t">1</subfield>
    <subfield code="v">55.00</subfield>
    <subfield code="w">2016-01-18</subfield>
    <subfield code="y">UR</subfield>
  </datafield>
</record>
